000 00711cam a22002415a 4500
001 L157819
002 19227
008 130530s2013 xxk f 000 0 eng d
020 _a9780415613453
035 _a(Sirsi) u157819
041 0 _aeng
050 0 4 _a658.404
100 1 _aFewings, Peter
245 0 0 _aConstruction project management
250 _a2nd ed.
260 _aOxon
_bRoutledge
_c2013
350 _a29.99
520 _aCombines the theories underpinning best practice in construction project management, with a large number of practical examples.
650 2 4 _aCONSTRUCTION, PROJECT MANAGEMENT
651 4 _aENGLAND AND WALES
690 _aCONSTRUCTION, PROJECT MANAGEMENT
942 _n0
999 _c114982
_d114982